| 000 | 00568nam a22001937a 4500 | ||
|---|---|---|---|
| 005 | 20250605101216.0 | ||
| 008 | 000000b xxu||||| |||| 00| 0 und d | ||
| 020 |
_a978-9937-2-0879-6 _cRs.100.00 |
||
| 041 | _aNep | ||
| 082 |
_aN895.511 _bPo418b |
||
| 100 | _aPaudyal, Vijaya | ||
| 241 | _aBir Bahadur | ||
| 245 |
_aवीरबहादुर : _bखण्डकाव्य / _cविजय पौडेल. |
||
| 260 |
_aKabhre : _bJanamat Prakashan, _c2065BS. |
||
| 300 | _a107p. | ||
| 650 | _aNepali literature | ||
| 650 | _aNepali poetry | ||
| 942 |
_cGEN _2ddc |
||
| 999 |
_c71452 _d71438 |
||